00572 2200169 4500245003700000020002200037250001100059100001400070650001600084005001900100260003800119041001400157084000800171300002300179500019100202336000900393 aSi Anak SpesialcTere LiyehText a978-602-5734-44-1 aCet. 2 aTere Liye aNovel Fiksi a20231010103649 aJakartabRepublika Penerbitc2018 aIndonesia a813 a333 hlm. :c21 cm. aBuku ini tentang Burlian, si anak keras kepala yang memiliki masa kecil sangat spesial. kelak dia akan memengelilingi dunia, menyaksikan betapa luasnya dunia dibanding kampung halamnnya. atext